La ballata del vecchio marinaio /

Guardat en:
Dades bibliogràfiques
Autor principal: Coleridge, Samuel Taylor (Autor)
Altres autors: Doré, Gustave, Luzi, Mario, (1914-2005)
Format: Llibre
Idioma:italià
anglès
Publicat: Milano : Rizzoli, 1985
Col·lecció:BUR. L ; 531
Etiquetes: Afegir etiqueta
Sense etiquetes, Sigues el primer a etiquetar aquest registre!

MARC

LEADER 00000nam a2200000 i 4500
001 IT\ICCU\RAV\0076457
003 ItRI
005 20260115231901.0
008 891120s1985 it |||||| ||||| |||||c
020 |a 881716531X 
040 |b ita  |c importazione bologna sebina 
041 7 |a ita  |a eng  |2 ISO-639-2 
082 |a 821.7  |9 POESIA INGLESE. 1800-1837  |2 20 
100 1 |a Coleridge, Samuel Taylor  |0 IT\ICCU\CFIV\035325  |4 aut 
240 1 4 |a The rime of the ancient mariner  |3 IT\ICCU\RAV\0076751  |9 Coleridge, Samuel Taylor 
245 1 3 |a La ballata del vecchio marinaio /  |c Samuel T. Coleridge ; traduzione di Mario Luzi ; con le illustrazioni di Gustave Dore ; a cura di Ginevra Bompiani. 
260 |a Milano :  |b Rizzoli,  |c 1985 
300 |a 144 p., \38! p. di tav. :  |b ill. ;  |c 18 cm 
500 |a Testo orig. a fronte 
700 1 |a Doré, Gustave  |0 IT\ICCU\CFIV\014343 
700 1 |a Luzi, Mario,  |d  (1914-2005)  |0 IT\ICCU\CFIV\000666 
790 1 |a Coleridge, Samuel  |3 IT\ICCU\CFIV\094100  |z Coleridge, Samuel Taylor 
790 1 |a Coleridge, T. Samuel  |3 IT\ICCU\UTOV\583065  |z Coleridge, Samuel Taylor 
790 1 |a Doré, Gustavo  |3 IT\ICCU\CFIV\093272  |z Doré, Gustave 
830 0 |a BUR. L ;  |v 531  |0 IT\ICCU\CFI\0001852 
942 |2 ddc  |c BK  |n 0 
952 |0 0  |1 0  |4 0  |6 DOC_821_600000000000000_COL  |7 0  |9 15294  |a BO  |b BO  |d 2026-01-15  |i 9237  |l 0  |o DOC 821.6 COL  |p BO9237  |r 2026-01-15 23:19:01  |w 2026-01-15  |x [Sebina 5] [1 v.]  |y BK  |z 1 v. 
999 |c 13166  |d 13166